Catálogo
 En Linea

Reforma del sistema tributario / (Registro nro. 28679)

Detalles MARC
000 -CABECERA
campo de control de longitud fija 00547nam a2200169 a 4500
001 - NÚMERO DE CONTROL
campo de control 000029187
005 - FECHA Y HORA DE LA ÚLTIMA TRANSACCIÓN
campo de control 20200930055402.0
008 - DATOS DE LONGITUD FIJA--INFORMACIÓN GENERAL
campo de control de longitud fija 110414s1980 dr 000 0 spa d
040 ## - FUENTE DE LA CATALOGACIÓN
Centro catalogador/agencia de origen DO-SdBNP
Lengua de catalogación spa
Centro/agencia transcriptor BNPHU
082 ## - NÚMERO DE LA CLASIFICACIÓN DECIMAL DEWEY
Número de clasificación xxx
Número de documento/Ítem C748r
049 ## - FONDOS LOCALES (OCLC)
Fondos de biblioteca BNPD
111 1# - ENTRADA PRINCIPAL--NOMBRE DE CONGRESO/REUNIÓN
Nombre de congreso/reunión o jurisdicción como elemento de entrada Conferencia reforma del sistema tributario
Número del congreso/reunión o número de parte o sección (6:
Fecha del congreso/reunión 1980 feb. 14 :
Sede del congreso/Lugar de la reunión Santo Domingo )
9 (RLIN) 56105
245 10 - MENCIÓN DE TÍTULO
Título Reforma del sistema tributario /
Mención de responsabilidad, etc. Bolívar Báez Ortíz.
260 ## - PUBLICACIÓN, DISTRIBUCIÓN, ETC.
Lugar de publicación, distribución, etc. Santo Domingo :
Nombre del editor, distribuidor, etc. [s.n.],
Fecha de publicación, distribución, etc. 1980.
300 ## - DESCRIPCIÓN FÍSICA
Extensión 27 p. ;
Dimensiones 22 cm.
700 1# - PUNTO DE ACCESO ADICIONAL--NOMBRE DE PERSONA
Nombre de persona Báez Ortíz, Bolívar
9 (RLIN) 56106
Existencias
Estado de retiro Estado de pérdida Restricciones de uso No para préstamo Código de colección Localización permanente Ubicación/localización actual Ubicación en estantería Fecha de adquisición Número de inventario Total de préstamos Signatura topográfica completa Código de barras Fecha visto por última vez Precio válido a partir de Tipo de ítem Koha Número de copia
        Patrimonio Dominicano Patrimonio Dominicano Patrimonio Dominicano En catalogación 14.04.2011 LF1   xxx C748r 29187-10 25.06.2020 25.06.2020 Libro y Folleto Colección Patrimonio Dominicano  
      Préstamo restrigido Patrimonio Dominicano Patrimonio Dominicano Patrimonio Dominicano En catalogación 14.04.2011 LF1   xxx C748r 29187-20 25.06.2020 25.06.2020 Libro y Folleto Colección Patrimonio Dominicano e. 2

Con tecnología Koha